<?xml version="1.0" encoding="UTF-8"?>
<record
    xmlns:xsi="http://www.w3.org/2001/XMLSchema-instance"
    xsi:schemaLocation="http://www.loc.gov/MARC21/slim http://www.loc.gov/standards/marcxml/schema/MARC21slim.xsd"
    xmlns="http://www.loc.gov/MARC21/slim">

  <leader>01579nam a2200205 a 4500</leader>
  <controlfield tag="008">180221t2012    sp ||||g |||| 00| f spa d</controlfield>
  <datafield tag="020" ind1=" " ind2=" ">
    <subfield code="a">9788466651356</subfield>
  </datafield>
  <datafield tag="041" ind1=" " ind2=" ">
    <subfield code="a">spa</subfield>
  </datafield>
  <datafield tag="092" ind1=" " ind2=" ">
    <subfield code="c">808</subfield>
    <subfield code="l">7</subfield>
    <subfield code="s">BIN</subfield>
  </datafield>
  <datafield tag="100" ind1="1" ind2=" ">
    <subfield code="a">Bingham, Harry</subfield>
    <subfield code="9">4008</subfield>
  </datafield>
  <datafield tag="245" ind1=" " ind2=" ">
    <subfield code="a">Hablando con los muertos.</subfield>
    <subfield code="b">Sabes qu&#xE9; es el s&#xED;ndrome de Cotard? /</subfield>
    <subfield code="c">Harry Bingham</subfield>
  </datafield>
  <datafield tag="250" ind1=" " ind2=" ">
    <subfield code="a">1a ed.</subfield>
    <subfield code="b">Traducci&#xF3;n Javier Guerrero</subfield>
  </datafield>
  <datafield tag="260" ind1=" " ind2=" ">
    <subfield code="a">Barcelona:</subfield>
    <subfield code="b">Grupo Zeta;</subfield>
    <subfield code="c">2012.</subfield>
  </datafield>
  <datafield tag="300" ind1=" " ind2=" ">
    <subfield code="a">375 p.</subfield>
  </datafield>
  <datafield tag="500" ind1=" " ind2=" ">
    <subfield code="a">Bingham, H. (2012). Hablando con los muertos. Sabes qu&#xE9; es el s&#xED;ndrome de Cotard?. (1a ed.). Barcelona : Grupo Zeta.</subfield>
  </datafield>
  <datafield tag="505" ind1=" " ind2=" ">
    <subfield code="a">Hablando con los muertos, la novela negra con que Harry Bingham irrumpe en las letras brit&#xE1;nicas, est&#xE1; considerada la obra m&#xE1;s original de los &#xFA;ltimos tiempos en el Reino Unido, al imaginar una posible comunicaci&#xF3;n con los muertos tan pol&#xE9;mica como extra&#xF1;a. El resultado, y el modo en que est&#xE1; contado, no deja indiferente. Para la polic&#xED;a Fiona Griffiths, su primera gran investigaci&#xF3;n promete ser una dura iniciaci&#xF3;n en el submundo de Cardiff: una joven prostituta y su hija han sido brutalmente asesinadas en un piso. Todo apunta a que la v&#xED;ctima debi&#xF3; de topar con el cliente equivocado, pero Fiona est&#xE1; convencida de que el ministerio es mucho m&#xE1;s profundo. De pronto, vuelve a sentir que pertenece al mundo de los muertos, que estos le hablan...y ese punto d&#xE9;bil, que algunos llaman s&#xED;ndrome de Cotard, se convierte en un don que da un giro a la historia.  </subfield>
  </datafield>
  <datafield tag="590" ind1=" " ind2=" ">
    <subfield code="a">Donaci&#xF3;n Ramirez Rosanna/ Feb 2019</subfield>
  </datafield>
  <datafield tag="655" ind1=" " ind2=" ">
    <subfield code="a">Novela</subfield>
    <subfield code="9">3091</subfield>
  </datafield>
  <datafield tag="942" ind1=" " ind2=" ">
    <subfield code="2">ddc</subfield>
    <subfield code="c">LIT</subfield>
  </datafield>
  <datafield tag="999" ind1=" " ind2=" ">
    <subfield code="c">2846</subfield>
    <subfield code="d">2846</subfield>
  </datafield>
  <datafield tag="952" ind1=" " ind2=" ">
    <subfield code="0">0</subfield>
    <subfield code="1">0</subfield>
    <subfield code="2">ddc</subfield>
    <subfield code="4">0</subfield>
    <subfield code="7">0</subfield>
    <subfield code="a">BFM</subfield>
    <subfield code="b">BFM</subfield>
    <subfield code="c">CR</subfield>
    <subfield code="d">2019-02-08</subfield>
    <subfield code="e">Donaci&#xF3;n Ramirez, Rosanna. Febrero 2019</subfield>
    <subfield code="l">3</subfield>
    <subfield code="m">4</subfield>
    <subfield code="o">808 7 BIN</subfield>
    <subfield code="p">4371</subfield>
    <subfield code="r">2019-04-10</subfield>
    <subfield code="s">2019-03-27</subfield>
    <subfield code="t">Ej. 1</subfield>
    <subfield code="w">2019-02-08</subfield>
    <subfield code="y">LIT</subfield>
    <subfield code="z">Proyecto 4to libro. Donaci&#xF3;n Ramirez Rosanna Feb. 2019</subfield>
  </datafield>
</record>
